Basket ball, (Record no. 548325)

000 -LEADER
fixed length control field 00441cam a2200157u 4500
082 ## - DEWEY DECIMAL CLASSIFICATION NUMBER
Classification number 796.323
Author Mark QUR
-- L-32, P-64
100 1# - MAIN ENTRY--PERSONAL NAME
Personal name Qureshi, AW
9 (RLIN) 44562
245 00 - TITLE STATEMENT
Title Basket ball,
260 ## - PUBLICATION, DISTRIBUTION, ETC.
Place of publication, distribution, etc. Rawalpindi,
Name of publisher, distributor, etc. Central Army Press, GHQ
300 ## - PHYSICAL DESCRIPTION
Extent 16 p.
Dimensions 16 cm.
526 ## - STUDY PROGRAM INFORMATION NOTE
Program name 0
Interest level 0
Reading level 0
Title point value 796_323000000000000_QUR
650 #0 - SUBJECT ADDED ENTRY--TOPICAL TERM
Topical term or geographic name entry element Basketball.
9 (RLIN) 44563
650 #0 - SUBJECT ADDED ENTRY--TOPICAL TERM
Topical term or geographic name entry element MCE
9 (RLIN) 379
856 41 - ELECTRONIC LOCATION AND ACCESS
Uniform Resource Identifier <a href="http://hdl.loc.gov/loc.gdc/scd0001.00420141105">http://hdl.loc.gov/loc.gdc/scd0001.00420141105</a>
942 ## - ADDED ENTRY ELEMENTS (KOHA)
Source of classification or shelving scheme
Koha item type Book
Holdings
Withdrawn status Lost status Source of classification or shelving scheme Damaged status Not for loan Permanent Location Current Location Date acquired Total Checkouts Full call number Barcode Date last seen Price effective from Koha item type
          Military College of Engineering (MCE) Military College of Engineering (MCE) 08/27/2014   796.323 QUR MCE-2653 08/27/2014 08/27/2014 Book
© 2023 Central Library, National University of Sciences and Technology. All Rights Reserved.